Balance del Plan Decenal de Educación 2008-2018 : (Registro nro. 14304)

Detalles MARC
000 -LIDER
fixed length control field 01148nam a2200277 a 4500
001 - NÚMERO DE CONTROL
Identificador de número de control 000043750
003 - IDENTIFICACDOR DE NÚMERO DE CONTROL
control field DO-SdBNP
005 - DATE AND TIME OF LATEST TRANSACTION
control field 20221010101826.0
008 - ELEMENTOS DE LONGITUD FIJA
fixed length control field 140422s2014 dr a 000 0 spa d
020 ## - ISBN
International Standard Book Number 9789993450153
040 ## - FUENTE DE CATALOGACIÓN
Agencia que crea de manera original el registro DO-SdBNP
Idioma de catalogación spa
Agencia que realiza la transcripción BPMSU
082 ## - NÚMERO DE CLASIFICACIÓN DECIMAL DE DEWEY
Classification number 370.7293
Item number B171p 2014
Edition number 22
245 10 - MENCIÓN DE TITULO
Título Balance del Plan Decenal de Educación 2008-2018 :
Subtítulo avances, desafíos y perspectivas /
Mención de responsabilidad compiladora ; Magda Pepén Peguero ; edición Dario Tejeda ; presentación Manuel Z. Mejía Gómez.
260 ## - PUBLICACIÓN, DISTRIBUCIÓN, ETC. (PIE DE IMPRENTA)
Lugar de publicación, distribución, etc Santo Domingo :
Nombre del editor, distribuidor, etc. FLACSO,
Fecha de publicación, distribución, etc 2014.
300 ## - DESCRIPCIÓN FÍSICA
Extensión 95 p. :
Otros detalles físicos il. ;
Dimensiones 25 cm.
500 ## - NOTA GENERAL
Nota general Incluye referencias bibliográficas y notas al pie de las páginas
504 ## - NOTA DE BIBLIOGRAFÍA, ETC.
Bibliography, etc Bibliografía : p. 93-95
590 ## - NOTA LOCAL
Texto de la nota local Inventariado, 2022/VM
650 #4 - ENCABEZAMIENTO DE MATERIA--TEMÁTICO
Término temático o nombre geográfico como elemento de entrada Plan Decenal de Educación
Subdivisión geográfica República Dominicana
Subdivisión cronológica 2008-2018 .
650 #4 - ENCABEZAMIENTO DE MATERIA--TEMÁTICO
Término temático o nombre geográfico como elemento de entrada Planificación educativa
Subdivisión geográfica República Dominicana
Subdivisión cronológica 2008-2018
650 #4 - ENCABEZAMIENTO DE MATERIA--TEMÁTICO
Término temático o nombre geográfico como elemento de entrada Educación
Subdivisión geográfica República Dominicana
Subdivisión cronológica 2008-2018
700 1# - ASIENTO SECUNDARIO -- NOMBRE PERSONAL
Nombre personal Tejeda, Darío
Mención de responsabilidad ed.
700 1# - ASIENTO SECUNDARIO -- NOMBRE PERSONAL
Nombre personal Pepén Peguero, Magda
Mención de responsabilidad comp.
710 2# - ASIENTO SECUNDARIO -- NOMBRE CORPORATIVO
Nombre corporativo o de jurisdicción Facultad Latinoamericana de Ciencias Sociales (República Dominicana)
942 ## - ADDED ENTRY ELEMENTS (KOHA)
Source of classification or shelving scheme Dewey Decimal Classification
Koha item type Libros
Existencias
Withdrawn status Lost status Source of classification or shelving scheme Damaged status Not for loan Collection code Home library Current library Date acquired Total Checkouts Full call number Barcode Date last seen Price effective from Koha item type Source of acquisition Copy number
    Dewey Decimal Classification     Colección Dominicana Biblioteca Pública Metropolitana Salomé Ureña Biblioteca Pública Metropolitana Salomé Ureña 10/10/2022   BPMSU CD 370.7293 B171p 2014 BPMSU22100044 10/10/2022 10/10/2022 Libros    
    Dewey Decimal Classification     Colección Dominicana Biblioteca Pública Metropolitana Salomé Ureña Biblioteca Pública Metropolitana Salomé Ureña 10/10/2022   BPMSU CD 370.7293 B171p 2014 BPMSU22100045 10/10/2022 10/10/2022 Libros FLACSO e.2
    Dewey Decimal Classification     Colección Dominicana Biblioteca Pública Metropolitana Salomé Ureña Biblioteca Pública Metropolitana Salomé Ureña 10/10/2022   BPMSU CD 370.7293 B171p 2014 BPMSU22100046 10/10/2022 10/10/2022 Libros FLACSO e.3